000 00909cam a2200253 4500
001 M2296
008 090401t1997 xxu||||| |||| 00| 0 eng d
035 _a(Sirsi) u96389
041 _aeng
110 _aRoyal Institution of Chartered Surveyors
_94900
245 _aHouse of Commons Environment Select Committee : a follow up inquiry into shopping centres.
260 _aLondon
_bRICS
_c1997
300 _a6p. ; 30cm.
350 _a4
490 _aRICS Policy Unit Submission
_vPU/SUB/001
520 _aPrepared in response to a request from the House of Commons Select Committee on the Environment to submit evidence to its follow up inquiry on shopping centres.
650 _aHOUSE OF COMMONS ENVIRONMENT SELECT COMMITTEE
650 _aRETAIL WAREHOUSES
650 _aSHOPPING CENTRES
650 _aTOWN CENTRES
690 _aPROPERTY-COMMERCIAL PROPERTY
942 _n0
948 _c04/03/1997
999 _c98657
_d98657